000 00572nam a2200217 454500
001 037211
003 BD-ChCU
008 Eng
020 _a0333279697
040 _aDLC
_cDLC
_dBD-ChCU
082 0 0 _a181.9/E56m
100 1 _aEnayat, Hamid.
_bx
245 1 0 _aModern islamic political thought
_bThe reponse of the shil and slunni muslims to the Twentieth century
250 _ax
260 _aLondon
_bMacmillan
_c1982
300 _axii, 225
504 _aIncludes
650 0 _aPhilosophy, Islamic.
_bPhilosophy, Islamic.
700 1 _ax
942 _2ddc
_cBK
999 _c37211
_d37211